Normal view
MARC view
Entry Topical Term
001 - CONTROL NUMBER
- control field: 19825
003 - CONTROL NUMBER IDENTIFIER
- control field: OSt
005 - DATE AND TIME OF LATEST TRANSACTION
- control field: 20201225110855.0
008 - FIXED-LENGTH DATA ELEMENTS
- fixed length control field: 201225|| aca||aabn | a|a d
040 ## - CATALOGING SOURCE
- Original cataloging agency: OSt
- Transcribing agency: OSt
150 ## - HEADING--TOPICAL TERM
- Topical term or geographic name entry element: Women & work, Female LFPR, Paid domestic work, Work participation, Employment, Gender bias.
670 ## - SOURCE DATA FOUND
- Source citation: Work cat.: (OSt): Nagarja, V. 19824, Factors discriminating entitlements to water supply: Empirical evidence from urban household survey in Cuddalore district, Tamil Nadu, India
